First course on zero abse budgeting (August 18-29, 1986) (Record no. 503564)

000 -LEADER
fixed length control field 00498cam a22001217a 4500
008 - FIXED-LENGTH DATA ELEMENTS--GENERAL INFORMATION
fixed length control field 180718b1986 xxu||||| |||| 00| 0 eng d
082 ## - DEWEY DECIMAL CLASSIFICATION NUMBER
Classification number L1 ZBB/1/86
245 ## - TITLE STATEMENT
Title First course on zero abse budgeting (August 18-29, 1986)
Statement of responsibility, etc. by Ministry of Personnel, Public Grievances and Pensions, India
260 ## - PUBLICATION, DISTRIBUTION, ETC.
Place of publication, distribution, etc. New Delhi
Name of publisher, distributor, etc. Indian Institute of Public Administration
Date of publication, distribution, etc. 1986
300 ## - PHYSICAL DESCRIPTION
Extent v.p.
500 ## - GENERAL NOTE
General note Course Director: Prof. K.L. Handa
700 ## - ADDED ENTRY--PERSONAL NAME
Personal name India. Ministry of Personnel, Public Grievances and Pensions
Holdings
Withdrawn status Lost status Damaged status Not for loan Permanent Location Current Location Date acquired Full call number Barcode Date last seen Price effective from Koha item type
        Indian Institute of Public Administration Indian Institute of Public Administration 2018-08-04 L1 ZBB/1/86 GG31925 2018-08-04 2018-08-04 GG

Powered by Koha